Villes mondiales finissant par Z - Statistiques

Statistiques générales
  • Ce quiz a été pris 58 fois
    19 depuis la dernière actualisation
  • Le résultat moyen est 8 sur 14
Statistiques - réponses
Question Ville % Correct
Conjuguer scier a une personne du pluriel Sciez
93%
Capitale du Liechtenstein Vaduz
93%
L'un des deux capitale de la Bolivie La Paz
87%
Préfecture de l'Aveyron Rodez
87%
Ville de Tunisie, qui fait le nombre de mois Douz
80%
Ville du Finistère connue pour sa baie Douarnenez
53%
En Autriche dans la Styrie Graz
53%
Les Cluses y habitent La Clusaz
47%
En Autriche sur le Danube Linz
40%
Capitale de Ténérife Santa Cruz
40%
Ville de Pologne ayant quasiment le double de la précédente Łódź
33%
Ville du même pays abritant le mausolée en marbre de Hafez Chiraz
27%
Ville de l'Estrémadure Badajoz
20%
Ville du nord de l'Iran sur le lac Ourmia Tabriz
13%
Aucun quiz correspondant
Distribution des résultats
% des personnes avec chaque résultat
Percentile par nombre de réponses
Votre historique - résultats
Vous n’avez pas pris ce quiz depuis la dernière actualisation